[Event "POL-chT3 Kujawsko Pomorskie 0910"]
[Site "Poland"]
[Date "2010.02.21"]
[Round "8.35"]
[White "Karbowiak, Adam"]
[Black "Wisniewski, Przemyslaw"]
[Result "1/2-1/2"]
[WhiteElo "2209"]
[BlackElo "2054"]
[PlyCount "30"]
[EventDate "2009.11.08"]
[EventType "team-tourn"]
[EventRounds "11"]
[EventCountry "POL"]
[SourceTitle "EXT 2020"]
[Source "ChessBase"]
[SourceDate "2019.10.17"]
[SourceVersion "1"]
[SourceVersionDate "2019.10.17"]
[SourceQuality "1"]

1. Nf3 Nf6 2. c4 e6 3. g3 b6 4. Bg2 Bb7 5. 0-0 Be7 6. b3 0-0 7. Bb2 d5 8. Ne5 Nbd7 9. d4 Nxe5 10. dxe5 Ne4 11. Nc3 f5 12. exf6 Bxf6 13. Bxe4 dxe4 14. Qxd8 Raxd8 15. Rad1 Rxd1 1/2-1/2

[Event "POL-chT 1st League"]
[Site "Ustron"]
[Date "2009.09.19"]
[Round "8"]
[White "Stepien, Marcin"]
[Black "Karbowiak, Adam"]
[Result "1/2-1/2"]
[WhiteElo "2111"]
[BlackElo "2205"]
[PlyCount "40"]
[EventDate "2009.09.12"]
[EventType "team-swiss"]
[EventRounds "9"]
[EventCountry "POL"]
[SourceTitle "CBM 132 Extra"]
[Source "ChessBase"]
[SourceDate "2009.11.03"]
[SourceVersion "1"]
[SourceVersionDate "2009.11.03"]
[SourceQuality "1"]
[WhiteTeam "Wroclaw AZS Politechnika"]
[BlackTeam "Grudziadz Rotmistrz"]
[WhiteTeamCountry "POL"]
[BlackTeamCountry "POL"]

1. e4 e6 2. d4 d5 3. Nd2 dxe4 4. Nxe4 Bd7 5. Nf3 Bc6 6. Bd3 Nd7 7. c3 Ngf6 8. Qe2 Be7 9. 0-0 0-0 10. Nxf6+ Bxf6 11. Bc2 Re8 12. Bf4 Bxf3 13. Qxf3 c6 14. Rad1 Nf8 15. Rfe1 Qd5 16. Qxd5 exd5 17. Kf1 g6 18. Bd3 Re6 19. Bh6 Rae8 20. Bxf8 Rxe1+ 1/2-1/2

[Event "POL-chT 1st League"]
[Site "Ustron"]
[Date "2009.09.15"]
[Round "4"]
[White "Karbowiak, Adam"]
[Black "Lewandowski, Miroslaw"]
[Result "1-0"]
[WhiteElo "2205"]
[BlackElo "2108"]
[PlyCount "81"]
[EventDate "2009.09.12"]
[EventType "team-swiss"]
[EventRounds "9"]
[EventCountry "POL"]
[SourceTitle "CBM 132 Extra"]
[Source "ChessBase"]
[SourceDate "2009.11.03"]
[SourceVersion "1"]
[SourceVersionDate "2009.11.03"]
[SourceQuality "1"]
[WhiteTeam "Grudziadz Rotmistrz"]
[BlackTeam "Gdynia Korsarz"]
[WhiteTeamCountry "POL"]
[BlackTeamCountry "POL"]

1. Nf3 f5 2. g3 g6 3. d4 Bg7 4. Bg2 d6 5. 0-0 Nf6 6. b4 0-0 7. Bb2 c6 8. c4 Na6 9. a3 Nc7 10. Nbd2 h6 11. Qc2 Qe8 12. b5 Bd7 13. bxc6 bxc6 14. Rab1 f4 15. e4 g5 16. Rfe1 Qh5 17. d5 Bh3 18. e5 dxe5 19. Bxe5 Nce8 20. dxc6 Nd6 21. Bxd6 exd6 22. Bxh3 Qxh3 23. Rb7 Rf7 24. Qg6 Qh5 25. Qxh5 Nxh5 26. g4 Nf6 27. c5 Bf8 28. cxd6 Bxd6 29. Nc4 Bc7 30. h3 a5 31. Re6 Rb8 32. Rxc7 Rxc7 33. Rxf6 Rb3 34. Kg2 Rc3 35. Nfe5 Kg7 36. Rg6+ Kh7 37. Rd6 f3+ 38. Kg3 Rc1 39. Rd7+ Rxd7 40. cxd7 Rd1 41. Nxa5 1-0